banner koha

Sistemas de implantacao do palmiteiro (Registro n. 281311)

MARC details
000 -LÍDER
campo de controle de tamanho fixo 00896nac a22002897a 4500
001 - NÚMERO DE CONTROLE
campo de controle BR8802170
003 - IDENTIFICADOR DO NÚMERO DE CONTROLE
campo de controle BR-BrBNA
005 - DATA E HORÁRIO DA ÚLTIMA TRANSAÇÃO
campo de controle 20240105120754.0
008 - CAMPO DE DADOS FIXOS--INFORMAÇÃO GERAL
campo de controle de tamanho fixo 230509b bl.|||m| |||| 00| 0 por d
040 ## - FONTE DA CATALOGAÇÃO
Instituição da catalogação original BR-BrBNA
Idioma da catalogação por
Instituição que transcreveu o registro Biblioteca Nacional de Agricultura
072 ## - CÓDIGO DE CATEGORIA DE ASSUNTO
Código de Categoria de Assunto F01
090 ## - NÚMERO DE CHAMADA LOCAL
Número de chamada 1121 BR8802170
100 1# - ENTRADA PRINCIPAL--NOME PESSOAL
Nome pessoal Nodari, R.O.
100 1# - ENTRADA PRINCIPAL--NOME PESSOAL
Nome pessoal Guerra, M.P.
100 1# - ENTRADA PRINCIPAL--NOME PESSOAL
Nome pessoal Reis, A.
100 1# - ENTRADA PRINCIPAL--NOME PESSOAL
Nome pessoal Reis, M.S. dos
100 1# - ENTRADA PRINCIPAL--NOME PESSOAL
Nome pessoal Merizio, D.
110 1# - ENTRADA PRINCIPAL--NOME CORPORATIVO
Nome corporativo ou nome da jurisdição Instituto de Pesquisas e Estudos Florestais, Piracicaba, SP (Brasil)
9 (RLIN) 6160
245 1# - TÍTULO
Título Sistemas de implantacao do palmiteiro
260 3# - PUBLICAÇÃO, DISTRIBUIÇÃO, ETC.
Local de publicação, distribuição, etc. Piracicaba, SP (Brasil):
Data da publicação, distribuição, etc. 1988.
300 ## - DESCRIÇÃO FÍSICA
Extensão 4 p.
490 ## - TÍTULO DA SÉRIE
Título da série Circular Tecnica - Instituto de Pesquisas e Estudos Florestais (Brazil)
Número do volume ou designação sequencial da série o. 155
ISSN - International Standard Serial Number ISSN 0100-3453
650 ## - ASSUNTO--TERMO TÓPICO
Cabeçalho tópico ou nome geográfico PALMITO
650 ## - ASSUNTO--TERMO TÓPICO
Cabeçalho tópico ou nome geográfico PLANTIO
909 ## -
-- 202312
-- Lúcia Elande
-- 55
-- Lúcia Elande
942 ## - ELEMENTOS DE ENTRADA ADICIONADOS (KOHA)
Fonte da classificação ou esquema de arquivamento na estante Classificação AGRIS
Ocultar no OPAC Não
Tipo de material Koha Monografia Seriada
Exemplares
Situação do descarte Fonte da classificação ou esquema de arquivamento na estante Situação física Não pode ser emprestado Coleção Biblioteca de origem Biblioteca atual Localização na estante Total de empréstimos Número de telefone completo Código de barras Data de último acesso Tipo de material Koha Fonte de aquisição
  Classificação AGRIS       Biblioteca Nacional de Agricultura - Binagri Biblioteca Nacional de Agricultura - Binagri Agrobase - Acervo Geral   1121 BR8802170 1121 BR8802170 18/12/2023 Monografia Seriada Portaria Interministerial nº 164/94

BINAGRI

Telefone: (61)3218-2567/2388/3357/2097 - binagri@agro.gov.br

Ministério da Agricultura e Pecuária , Esplanada dos Ministérios, Bloco D, Anexo B, Brasília/DF, CEP: 70.043-900